Регионална библиотека "Любен Каравелов" - Русе

Под благоуханното клонче на люляката (Запис номер 355031)

MARC детайли
000 -Лидер
Контролно поле с фиксирана дължина 00834nam a2200241 a 4500
003 - Код на организацията, давaща контролен номер
Контролно поле BLK
005 - Дата и час на последна редакция
Контролно поле 20250122144911.0
008 - Елементи от данни с фиксирана дължина
fixed length control field 200415b bu ||||| |||| 00| 0 bu d
040 ## - Източник на каталожния запис
Идентификатор на билиотеката - собственик на записа BLK
041 ## - Код за език
Код за езика на текст/звукозапис или на отделно заглавие Български
Код за езика КДБФ Български
080 ## - УДК
Текстов определител УДК Българска литература
УДК код - определител по УДК 821.163.2
УДК определител -22
УДК - код + определител 821.163.2-22
100 ## - Редна дума - Автор
Автор Корнелиева, В.
Авторска отговорност първи автор
R(LIN) 1299
139 ## - Редно поле
Редна дума Корнелиева, В.
Авторски знак Кор - К 85
245 ## - Сведения за заглавието
Заглавие Под благоуханното клонче на люляката
Подзаглавни данни Комедия в 1 д.
Редно поле (дума) Прев. от рус. Lyly
260 ## - Област на издателските данни
Място на издаване, разпространение и проч. Русе
Година на издаване 1903
Печатница Меркур
300 ## - Физическа характеристика
Страници 23 с.
Размери/Мащаб 19 см
380 ## - Жанр
Жанр Худож. лит.
700 ## - Други автори (авторска отговорност)
9 (RLIN) 1121
Лично име Lyly
Автороска отговорност (Описва отношението между автора и произведението) прев. от рус.
852 ## - Местоположение
Форматна сигнатура К 821/К 25
999 ## - СИСТЕМНИ КОНТРОЛНИ НОМЕРА
Koha biblionumber 355031
Koha biblioitemnumber 355031
942 ## - АРТИКУЛИ
Източник на класификационната схема Universal Decimal Classification
Вид на библиотечния материал Книги
Скрит в OPAC Не
Периодичен библиозапис Да
Koha issues (borrowed), all copies 1
944 ## - СЪЗДАВАНЕ И РЕДАКЦИЯ на ЗАПИСА
Дата на регистрацията/редакция 2020-04-15
Служител, извършил регистрацията/редакцията 30558
Статус, дата на статуса Валя Йорданова
999 ## - СИСТЕМНИ КОНТРОЛНИ НОМЕРА
Koha biblioitemnumber 355031
Наличности
Код за отписване Код за изгубен артикул Източник на класификационната схема Код за повреда Коз за рестрикции Код за отдаване Артикулен № Име на библиотеката - собственик Име на библиотеката, в която се намира в момента Статус (Текущо местоположение) Дата на вписване в системата Местоположение - отдел Цена в лева Инвентарен номер Систематично азбучна сигнатура Баркод Цена в евро Служебен тип на артикула
  Не е изгубен Universal Decimal Classification Не е повреден само за читалня ползва се в читалня 762446 Регионална библиотека "Любен Каравелов" Русе Регионална библиотека "Любен Каравелов" Русе Краезнание 2020-04-17 Краезнание 0.15 378634 К 821/К 25 120000378634 0.08 Книги
Vip Innovations Ltd, Rousse, Bulgaria 2025